K-POP most & least biased of each group - Statistiques

Statistiques générales
  • Ce quiz a été pris 108 fois
  • Le résultat moyen est 35 sur 106
Statistiques - réponses
Group Idol % Correct
&TEAM - most K
95%
BLACKPINK - most Jennie
92%
BLACKPINK - least Jisoo
92%
BTS - most V
86%
BTS - least RM
85%
aespa - most Karina
81%
Stray Kids - most Felix
77%
aespa - least Giselle
76%
ATEEZ - most San
76%
EVERGLOW - least E:U
73%
BABYMONSTER - least Rami
73%
BABYMONSTER - most Ahyeon
72%
iKON - least Chan
72%
EXO - least Chen
72%
ITZY - most Yeji
70%
Stray Kids - least Changbin
68%
LE SSERAFIM - least Kazuha
66%
i-dle - most Yuqi
65%
ENHYPEN - most Heeseung
64%
IVE - most Wonyoung
64%
NMIXX - most Lily
59%
TWICE - most Momo
59%
IVE - least Rei
59%
i-dle - least Shuhua
59%
TXT - most | WJSN - least Soobin
59%
LE SSERAFIM - most Eunchae
57%
ENHYPEN - least Jungwon
57%
MAMAMOO - most Hwasa
55%
NewJeans - least Hyein
54%
TWICE - least Jihyo
54%
Red Velvet - most Seulgi
54%
TXT - least Taehyun
54%
ITZY - least Chaeryeong
53%
NewJeans - most Haerin
53%
Weeekly - least Soeun
50%
OH MY GIRL - most Arin
47%
ASTRO - most Eunwoo
45%
Red Velvet - least Yeri
45%
NMIXX - least Jiwoo
43%
SEVENTEEN - most Mingyu
42%
P1Harmony - most Keeho
39%
GOT7 - most Jackson
38%
SEVENTEEN - least Woozi
38%
ATEEZ - least Jongho
36%
BOYNEXTDOOR - most Jaehyun
31%
MAMAMOO - least MoonByul
30%
P1Harmony - least Jongseob
27%
RIIZE - most Wonbin
26%
fromis_9 - least Chaeyoung
24%
WayV - most Ten
24%
TEMPEST - most Hanbin
23%
STAYC - least Sieun
23%
Billlie - most Tsuki
23%
BOYNEXTDOOR - least Riwoo
22%
LOONA - most Chuu
20%
EXO - most Chanyeol
19%
&TEAM - least Fuma
19%
TREASURE - most Haruto
19%
VIVIZ - least SinB
19%
NCT 127 - most Taeyong
19%
ZEROBASEONE - most Zhang Hao
19%
XG - most Harvey
18%
NCT 127 - least Johnny
18%
EVERGLOW - most Aisha
16%
iKON - most Bobby
15%
NCT DREAM - most Jaemin
15%
NCT DREAM - least Chenle
14%
XG - least Juria
14%
STAYC - most Sumin
14%
THE BOYZ - most Sunwoo
14%
VIVIZ - most Umji
14%
RIIZE - least Eunseok
12%
Kep1er - most Hikaru
12%
ASTRO - least Jinjin
12%
WayV - least Kun
12%
TEMPEST - least | ZEROBASEONE - least Taerae
12%
MONSTA X - most I.M
11%
Loossemble - least Vivi
11%
THE BOYZ - least Sangyeon
9%
GOT7 - least Youngjae
8%
PURPLE KISS - most Yuki
8%
TREASURE - least Junghwan
7%
ONEUS - least Keonhee
7%
Weeekly - most Monday
7%
SF9 - most Chani
5%
ARTMS - most Heejin
5%
ONEUS - most Hwanwoong
5%
tripleS - most Yooyeon / Xinyu
5%
Kep1er - least Youngeun
5%
ARTMS - least | LOONA - least Haseul
4%
Loossemble - most Hyeju
4%
PURPLE KISS - least Ireh
4%
MONSTA X - least Minhyuk
4%
GFRIEND - least Sowon
4%
tripleS - least Sullin / Joobin
4%
WJSN - most Yeonjung
4%
GFRIEND - most Yerin
4%
CRAVITY - most Hyeongjun
3%
OH MY GIRL - least Hyojung
3%
Billlie - least Siyoon
3%
fromis_9 - most Jiheon
1%
CRAVITY - least Woobin
1%
SF9 - least Youngbin
1%
Aucun quiz correspondant
Distribution des résultats
% des personnes avec chaque résultat
Percentile par nombre de réponses
Votre historique - résultats
Vous n’avez pas pris ce quiz